| 000 | 00681nam a2200253 i 4500 | ||
|---|---|---|---|
| 001 | C2-0082917 | ||
| 003 | PPAK | ||
| 005 | 20180727085219.0 | ||
| 008 | 970429s1978 nyua|||| ||||| | eng d | ||
| 020 | _a0831777605 | ||
| 040 |
_aPPAK _beng _cPPAK _erda |
||
| 082 | 0 | 4 |
_a551.22 _223 |
| 090 | 0 | 0 |
_a551.22 _bGRI _dR |
| 100 | 1 |
_aGribbin, John, _eauthor |
|
| 245 | 1 | 0 | _aEarthquakes and volcanoes |
| 264 | 1 |
_aNew York : _bWH. Smith , _c1978 |
|
| 300 |
_a191 pages : _billustrations ; _c30 cm |
||
| 336 |
_2rdacontent _atext |
||
| 337 |
_2rdamedia _aunmediated |
||
| 338 |
_2rdacarrier _avolume |
||
| 500 | _aIncludes index | ||
| 650 | 1 | 0 | _aEarthquakes ; Volcanoes |
| 942 |
_ddc _cB |
||
| 999 |
_c15562 _d15562 |
||